Mastering C (Record no. 61098)

MARC details
000 -LEADER
fixed length control field 005459nama22002171Ia4500
003 - CONTROL NUMBER IDENTIFIER
control field 00409nam a2200181Ia 450
005 - DATE AND TIME OF LATEST TRANSACTION
control field 20230720125037.0
008 - FIXED-LENGTH DATA ELEMENTS--GENERAL INFORMATION
fixed length control field 230720b |||||||| |||| 00| 0 eng d
020 ## - INTERNATIONAL STANDARD BOOK NUMBER
International Standard Book Number 978-0-07-061667-7
040 ## - CATALOGING SOURCE
Transcribing agency Library of Congress catalog card
082 ## - DEWEY DECIMAL CLASSIFICATION NUMBER
Edition number 1st
Classification number 005.133
Item number VEN
100 ## - MAIN ENTRY--PERSONAL NAME
Personal name K.R.Venugopal
245 ## - TITLE STATEMENT
Title Mastering C
250 ## - EDITION STATEMENT
Edition statement 1st
260 ## - PUBLICATION, DISTRIBUTION, ETC.
Place of publication, distribution, etc. NEW DELHI
Name of publisher, distributor, etc. TMH
Date of publication, distribution, etc. 2006
300 ## - PHYSICAL DESCRIPTION
Extent XIII;845
500 ## - GENERAL NOTE
General note Quantity Number: 12
650 ## - SUBJECT ADDED ENTRY--TOPICAL TERM
Topical term or geographic name entry element Comp-Sc
700 ## - ADDED ENTRY--PERSONAL NAME
Personal name S.R.Prasad
942 ## - ADDED ENTRY ELEMENTS (KOHA)
Source of classification or shelving scheme Dewey Decimal Classification
Koha item type Books
Suppress in OPAC No
Holdings
Withdrawn status Lost status Source of classification or shelving scheme Damaged status Not for loan Home library Current library Shelving location Date acquired Total Checkouts Full call number Barcode Date last seen Date last checked out Price effective from Koha item type Date due
    Dewey Decimal Classification     Central Library, Trident Academy of Technology Central Library, Trident Academy of Technology General Stacks 07/20/2023 1 005.133 VEN 15939 11/20/2025 09/15/2025 07/20/2023 Books  
    Dewey Decimal Classification     Central Library, Trident Academy of Technology Central Library, Trident Academy of Technology General Stacks 07/20/2023   005.133 VEN 15940 07/20/2023   07/20/2023 Books  
    Dewey Decimal Classification     Central Library, Trident Academy of Technology Central Library, Trident Academy of Technology General Stacks 07/20/2023   005.133 VEN 20136 07/20/2023   07/20/2023 Books  
    Dewey Decimal Classification     Central Library, Trident Academy of Technology Central Library, Trident Academy of Technology General Stacks 07/20/2023   005.133 VEN 20137 07/20/2023   07/20/2023 Books  
    Dewey Decimal Classification     Central Library, Trident Academy of Technology Central Library, Trident Academy of Technology General Stacks 07/20/2023   005.133 VEN 20138 07/20/2023   07/20/2023 Books  
    Dewey Decimal Classification     Central Library, Trident Academy of Technology Central Library, Trident Academy of Technology General Stacks 07/20/2023   005.133 VEN 20139 07/20/2023   07/20/2023 Books  
    Dewey Decimal Classification     Central Library, Trident Academy of Technology Central Library, Trident Academy of Technology General Stacks 07/20/2023 1 005.133 VEN 20140 01/25/2024 01/25/2024 07/20/2023 Books 12/05/2023
    Dewey Decimal Classification     Central Library, Trident Academy of Technology Central Library, Trident Academy of Technology General Stacks 07/20/2023 1 005.133 VEN 20141 01/31/2024 01/31/2024 07/20/2023 Books 02/08/2023
    Dewey Decimal Classification     Central Library, Trident Academy of Technology Central Library, Trident Academy of Technology General Stacks 07/20/2023 1 005.133 VEN 20142 01/31/2024 01/31/2024 07/20/2023 Books 05/23/2018
    Dewey Decimal Classification     Central Library, Trident Academy of Technology Central Library, Trident Academy of Technology General Stacks 07/20/2023   005.133 VEN 20143 07/20/2023   07/20/2023 Books  
    Dewey Decimal Classification     Central Library, Trident Academy of Technology Central Library, Trident Academy of Technology General Stacks 07/20/2023 1 005.133 VEN 20144 01/25/2024 01/25/2024 07/20/2023 Books 09/06/2012
    Dewey Decimal Classification     Central Library, Trident Academy of Technology Central Library, Trident Academy of Technology General Stacks 07/20/2023   005.133 VEN 20145 07/20/2023   07/20/2023 Books  
Trident Academy of Technology © 2023.
All rights reserved.                                                                                                                                                                                                        Designed by Team of Central Library .

Powered by Koha